Cách cấu tứ trong " Di Cảo Thơ " của Chế Lan Viên

Guardat en:
Dades bibliogràfiques
Autor principal: Trần Thị Thái An
Altres autors: Bùi Trọng Ngoãn TS (hướng dẫn)
Format: Llibre
Idioma:Vietnamese
Publicat: Đà Nẵng Trường Đại học Sư phạm 2012
Matèries:
Etiquetes: Afegir etiqueta
Sense etiquetes, Sigues el primer a etiquetar aquest registre!
Thư viện lưu trữ: Mạng thư viện Đại học Đà Nẵng
LEADER 01371nam a2200325 4500
001 000017652
003 14073
005 20130510080550.0
008 130510s2012 viesd
041 |a vie 
082 1 4 |a 895.92213  |b TR-A 
100 1 |a Trần Thị Thái An 
245 1 0 |a Cách cấu tứ trong " Di Cảo Thơ " của Chế Lan Viên  |c Trần Thị Thái An ; Hướng dẫn Bùi Trọng Ngoãn  |k Báo cáo khoa học 
260 |a Đà Nẵng  |b Trường Đại học Sư phạm  |c 2012 
300 |a 52 tr.  |c 30 cm. 
500 |a Công trình tham gia hội nghị sinh viên nghiên cứu khoa học Trường Đại học Sư phạm năm 2012. Khoa Ngữ Văn 
650 0 4 |a Di cảo thơ  |v Báo cáo khoa học  |x Cấu tứ  |y Chế Lan Viên  |z Đà nẵng 
653 |a Nghiên cứu khoa học 
700 1 |a Bùi Trọng Ngoãn  |c TS  |e hướng dẫn 
OWN |a LSP 
AVA |a UDN50  |b LSP  |d 895.92213 TR-A  |e available  |t Error 5001 Not defined in file expand_doc_bib_avail.  |f 1  |g 0  |h N  |i 0  |k 1 
999 |a From the UDN01 
AVA |a UDN50  |b LSP  |d 895.92213 TR-A  |e available  |t Error 5001 Not defined in file expand_doc_bib_avail.  |f 1  |g 0  |h N  |i 0  |k 1 
TYP |a Mixed Materials 
TYP |a Monograph 
TYP |a Printed language 
980 |a Mạng thư viện Đại học Đà Nẵng